| 000 | 01214cam a2200229 4500 | ||
|---|---|---|---|
| 001 | WB3704-04 | ||
| 008 | 000000n2001 000 0 eng u | ||
| 035 | _a(Sirsi) u110491 | ||
| 245 | _aBetter sound insulation for homes and schools | ||
| 260 | _c2001 | ||
| 490 |
_aDETR News Release _v(013) 19 January 2001, |
||
| 490 |
_aBuilding _v 19 January 2001, 26-27(4) |
||
| 520 | _aGovernment has published proposals to improve the quality of urban living and the teaching environment by upgrading standards of sound insulation. The proposals will cover new houses and self-contained flats and extend to hotel rooms, hostels, student accommodation, nurses' homes and elderly persons' homes as well improving acoustics in classrooms. The changes means that builders will be able to meet consumer demand for high-quality, single-person units in urban areas. "Building" considers the implications for housebuilders. The consultation papers can be found at http://www.construction.detr.gov.uk/coindex.htm | ||
| 590 | _aWB | ||
| 650 | _aSOUND INSULATION | ||
| 650 | _aGUIDANCE | ||
| 650 | _aBUILDING REGULATIONS PART E | ||
| 650 | _aNEW HOMES | ||
| 650 | _aSCHOOLS | ||
| 690 | _aBUILT ENVIRONMENT | ||
| 942 | _n0 | ||
| 999 |
_c65871 _d65871 |
||